Architectural models (Record no. 140872)
[ view plain ]
| 000 -LEADER | |
|---|---|
| fixed length control field | 01836nam a2200385 a 4500 |
| 082 04 - DEWEY DECIMAL CLASSIFICATION NUMBER | |
| Classification number | 720.22 |
| 100 1# - MAIN ENTRY--AUTHOR NAME | |
| Personal name | Knoll, Wolfgang. |
| 245 10 - TITLE STATEMENT | |
| Title | Architectural models |
| 250 ## - EDITION STATEMENT | |
| Edition statement | 2nd ed. |
| 260 ## - PUBLICATION, DISTRIBUTION, ETC. (IMPRINT) | |
| Place of publication | Ft. Lauderdale, Fla. : |
| Name of publisher | J. Ross Pub., |
| Year of publication | c2008. |
| 300 ## - PHYSICAL DESCRIPTION | |
| Number of Pages | 142 p. : |
| Other physical details | ill. (some col.) |
| 500 ## - GENERAL NOTE | |
| General note | Includes indexes. |
| General note | "Originally published as Architektur-Modelle, c2006 Deutsche Verlags-Anstalt, Munich"--T.p. verso. |
| 505 0# - FORMATTED CONTENTS NOTE | |
| Formatted contents note | Model typology -- Material and equipment -- The work space -- Preparing for work -- Making the parts -- Objects that enhance scale -- Making CNC models -- The use of color in models -- Examples of finished models -- The architectural model as a design problem -- Model photography. |
| 650 #0 - SUBJECT ADDED ENTRY--TOPICAL TERM | |
| Topical Term | Architectural models |
| 700 1# - ADDED ENTRY--PERSONAL NAME | |
| Personal name | Hechinger, Martin. |
| 856 40 - ELECTRONIC LOCATION AND ACCESS | |
| Uniform Resource Identifier | http://site.ebrary.com/lib/rucke/Doc?id=10520061 |
No items available.
